|
|
|
|
| LEADER |
00935nab#a2200349#ar4500 |
| 001 |
000095821 |
| 003 |
SVKKK |
| 005 |
20090527092012.0 |
| 008 |
090527c2008 xo |||||||||||||||b|slo |
| FMT |
|
|
|
| 015 |
|
|
|a SNBRB2009/05
|
| 038 |
|
|
|a SVKKK
|
| 040 |
|
|
|a SVKKK
|b slo
|e AACR2
|
| 041 |
0 |
|
|a slo
|
| 044 |
|
|
|a xo
|c SK
|
| 080 |
|
|
|a 504:379.82
|x (437.6)
|2 1997
|
| 080 |
|
|
|a 379.82
|2 1997
|
| 100 |
1 |
|
|a Kubaliaková, Mirka
|4 aut
|
| 245 |
1 |
0 |
|a Čistili sme obce od odpadkov
|c Mirka Kubaliaková
|
| 611 |
2 |
4 |
|a Deň Zeme
|g podujatie
|d (19. apríl 2008 :
|c Rimava a Rimavica, Slovensko)
|
| 650 |
0 |
4 |
|a životné prostredie
|x ochrana
|z Rimava (Slovensko)
|z Rimavica (Slovensko)
|
| 650 |
0 |
4 |
|a podujatia
|
| 773 |
0 |
|
|t Enviromagazín
|g Roč. 13, č. 2 (2008)
|x 1335-1877
|
| 773 |
0 |
8 |
|t [Príloha]
|g S. 30
|
| 957 |
|
|
|a Rimava
|
| 957 |
|
|
|a Rimavica
|
| 974 |
|
|
|a MI
|
| 992 |
|
|
|a RBX
|
| BAS |
|
|
|
| 852 |
|
|
|a SVKKK
|b BIB
|
| EXP |
|
|
|
| 998 |
|
|
|a SLO
|